Test Cricket Captains of Pakistan - Statistics

General Stats
  • This quiz has been taken 259 times
    213 since last reset
  • The average score is 17 of 31
Answer Stats
Time Period Captain % Correct
1982-92 Imran Khan
97%
2011-2016 Misbah-ul-Haq
86%
1992-2000 Wasim Akram
84%
1998-2001 Moin Khan
81%
2001-2003 Waqar Younis
80%
2004-09 Younus Khan
77%
2000-07 Inzamam-ul-Haq
76%
1972-73 Majid Khan
76%
2017- Sarfraz Ahmed
76%
1980-93 Javed Miandad
74%
2009/10 Shahid Afridi
72%
2007-08 Shoaib Malik
71%
1993-95 Saleem Malik
64%
1964-67 Hanif Mohammad
61%
2003-10 Mohammad Yousuf
53%
1976-79 Mushtaq Mohammad
52%
1996-2000 Saeed Anwar
51%
1961-62 Imtiaz Ahmed
49%
2009/10 Salman Butt
49%
1983-85 Zaheer Abbas
49%
1968-69 Saeed Ahmed
47%
1998-2004 Rashid Latif
43%
1995-97 Rameez Raja
35%
1997-99 Aamer Sohail
34%
1979-80 Asif Iqbal
27%
1969-75 Intikhab Alam
27%
1977-78 Wasim Bari
26%
1952-58 Abdul Hafeez Kardar
22%
1958-61 Fazal Mahmood
19%
2012 Umar Gul
18%
1962 Javed Burki
7%
No matching quizzes found
Score Distribution
Percent of People with Each Score
Percentile by Number Answered
Your Score History
You have not taken this quiz since the last reset